• 首页
  • 本馆介绍
  • 公告通知
  • 最新文献
  • 馆藏检索
  • 电子资源
  • 读者导购
  • 参考咨询
  • 我的图书馆
  • 登录
  • 详细信息显示
  • 放入我的书架
  • 预约/预借图书
  • 作者相关作品
  • 分类相关作品
  • 丛书相关作品
  • 出版社相关作品

书目信息

  • 表格格式
  • 工作单格式
  • 卡片格式
题名:
微观尺度下城市交通CO2排放过程和机理研究
    
 
作者: 郑吉 , 李宇 著
分册:  
出版信息: 北京   中国经济出版社  2017.09
页数: 144页
开本: 24cm
丛书名:
单 册:
中图分类: X734.201
科图分类:
主题词: 城市--汽车排气污染--污染防治--研究--北京
电子资源:
ISBN: 978-7-5136-4798-4
000 01336nam0 2200241 450
001 49
005 20180920165200.20
010    @a978-7-5136-4798-4@dCNY42.00
100    @a20171222d2017 em y0chiy50 ea
101 0  @achi
102    @aCN@b110000
105    @aab z 000yy
200 1  @a微观尺度下城市交通CO2排放过程和机理研究@9wei guan chi du xia cheng shi jiao tong CO2 pai fang guo cheng he ji li yan jiu@e以北京市奥林匹克中心区为例@f郑吉,李宇著
210    @a北京@c中国经济出版社@d2017.09
215    @a144页@c图,地图@d24cm
330    @a本书针对国际城市交通碳排放研究前沿,基于城市地理学、城市生态学、资源经济学和系统科学等多学科交叉,构建微观尺度的城市交通CO2排放研究方法体系。综合通量观测、模型模拟、实地观测、问卷调研等数据获取和研究方法,以北京市奥林匹克中心区内两个典型城市道路路段为例进行实证研究,探讨微观尺度城市碳排放的科学研究范式,揭示案例区交通CO2排放过程和机理,并在此基础上提出城市交通碳排放精细化管理对策,为大都市碳减排提供科学依据。
510 1  @aStudy on the process and mechanism of urban traffic CO2 emissions at micro-scale@ea case study of the Olympic central area in Beijing, China@zeng
606 0  @a城市@x汽车排气污染@x污染防治@x研究@y北京
690    @aX734.201@v5
701  0 @a郑吉@9zheng ji@4著
701  0 @a李宇@9li yu@f(1973-)@4著
801  0 @aCN@b91MARC@c20171222
905    @aMuseLib@dX734.201@e262
    
    微观尺度下城市交通CO2排放过程和机理研究:以北京市奥林匹克中心区为例/郑吉,李宇著.-北京:中国经济出版社,2017.09
    144页:图,地图;24cm
    
    
    ISBN 978-7-5136-4798-4:CNY42.00
    本书针对国际城市交通碳排放研究前沿,基于城市地理学、城市生态学、资源经济学和系统科学等多学科交叉,构建微观尺度的城市交通CO2排放研究方法体系。综合通量观测、模型模拟、实地观测、问卷调研等数据获取和研究方法,以北京市奥林匹克中心区内两个典型城市道路路段为例进行实证研究,探讨微观尺度城市碳排放的科学研究范式,揭示案例区交通CO2排放过程和机理,并在此基础上提出城市交通碳排放精细化管理对策,为大都市碳减排提供科学依据。
●
相关链接 在E读中查询图书 在五车中查询图书 在当当中查询图书 在豆瓣中查询图书


正题名:微观尺度下城市交通CO2排放过程和机理研究     索取号:X734.201/262         预约/预借

序号 登录号 条形码 馆藏地/架位号 状态 备注
1 1117984   211179847   第二样本阅览室/ [索取号:X734.201/262] 在馆    
2 1117985   211179856   第三借阅区/ [索取号:X734.201/262] 在馆    
3 1117986   211179865   第三借阅区/ [索取号:X734.201/262] 在馆    
4 1117987   211179874   第三借阅区/ [索取号:X734.201/262] 在馆    
5 1117988   211179883   第三借阅区/ [索取号:X734.201/262] 在馆    
唐山师范学院图书馆 欢迎您!
大连网信软件有限公司© 版权所有